Naklady gospodarcze na przezwyciezanie ekologicznej bariery rozwoju gospodarczego.

Výška a štruktúra ekonomických nákladov doteraz vynakladaných na ochranu životného prostredia v Poľsku. Odhad nevyhnutných hospodárskych nákladov na ochranu životného prostredia v rozličných variantoch hospodárskeho rozvoja. Zdroje a veľkosť potencionálnych prostriedkov na financovanie ochranných po...

Celý popis

Uložené v:
Podrobná bibliografia
Hlavný autor: Famielec, J.
Médium: Kapitola
Jazyk:Polish
Predmet:
Tagy: Pridať tag
Žiadne tagy, Buďte prvý, kto otaguje tento záznam!

MARC

LEADER 00000naa a2200000 4500
001 r003649
005 20220819194323.7
041 0 |a pol 
044 |a PL 
245 1 0 |a Naklady gospodarcze na przezwyciezanie ekologicznej bariery rozwoju gospodarczego.  |c J. Famielec 
520 |a Výška a štruktúra ekonomických nákladov doteraz vynakladaných na ochranu životného prostredia v Poľsku. Odhad nevyhnutných hospodárskych nákladov na ochranu životného prostredia v rozličných variantoch hospodárskeho rozvoja. Zdroje a veľkosť potencionálnych prostriedkov na financovanie ochranných podujatí. 
610 2 0 |a ekológia 
610 2 0 |a náklady 
610 2 0 |a rozvoj hospodársky 
610 2 0 |a ochrana prostredia životného 
610 2 0 |a PR 
610 2 0 |a zdroje finančné 
100 1 |a Famielec, J.